000 00657nam a2200217Ii 4500
001 16149
003 CO-ViMGA
008 241108s9999||||xx |||||||||||||| ||und||
020 _a9789584525840
040 _aCO-ViMGA
_bspa
_erda
_cCO-ViMGA
041 0 _aunk
084 _aN AMP1ci
100 1 _aRoberto Ampuero
_951757
245 1 0 _aCita en el azul profundo
264 1 _a[Lugar de publicación no identificado] : Norma, [Fecha de publicación no identificada]
300 _avolumen
336 _atext
_btxt
_2rdacontent
337 _aunmediated
_bn
_2rdamedia
338 _avolume
_bnc
_2rdacarrier
940 _aidficha_siabuc: 15819. -- ficha_no_siabuc:16149
999 _c55026
_d55026